La Singularidad plural:

Gardado en:
Detalles Bibliográficos
Autor Principal: Lisón Tolosana, Carmelo
Formato: Texto
Materias:
Etiquetas: Engadir etiqueta
Sen Etiquetas, Sexa o primeiro en etiquetar este rexistro!

MARC

LEADER 00000 a a2200000 04500
001 16228
003
040
100 |a Lisón Tolosana, Carmelo  
245 |a La Singularidad plural:   |a ntropología cultural y especificidad /  |c Carmelo Lisón Tolosana 
650 |a CULTURA  
650 |a IDENTIDAD CULTURAL  
650 |a ANTROPOLOGIA  
650 |a ETNOLOGIA  
773 |g número 18; páginas 7-27  
999 |c 25184  |d 25184